| 000 | 00606nam a22001817a 4500 | ||
|---|---|---|---|
| 020 | _a9789403512617 | ||
| 082 |
_a341.522 _bHAN |
||
| 100 | _aHanotiau, Bernard | ||
| 245 |
_aComplex arbitrations : multi-party, multi-contract, and multi-issue : _ba comparative study / _cBernard Hanotiau |
||
| 250 | _a2nd edition | ||
| 260 |
_aThe Netherlands: _bKluwer Law International BV, _c2020. |
||
| 300 | _a610p | ||
| 563 | _aH.B | ||
| 650 |
_aInternational commercial arbitration, _9114435 |
||
| 650 |
_aConflict of laws, _935320 |
||
| 650 |
_aContracts (International law) _9114436 |
||
| 942 |
_2ddc _cBK |
||
| 999 |
_c595501 _d595501 |
||